Macroeconomics/ (Record no. 216224)

MARC details
000 -LEADER
fixed length control field 00630nam a22001937a 4500
005 - DATE AND TIME OF LATEST TRANSACTION
control field 20260515150904.0
010 ## - LCCN (DPL NO)
LC control number ENG-148489
020 ## - INTERNATIONAL STANDARD BOOK NUMBER
International Standard Book Number 9789371364898
Terms of availability 830.00
035 ## - SYSTEM CONTROL NUMBER
System control number EN-132021
037 ## - SOURCE OF ACQUISITION
Source of stock number/acquisition DBAD
082 ## - DEWEY DECIMAL CLASSIFICATION NUMBER
Classification number 339
Edition number 8
245 ## - TITLE STATEMENT
Title Macroeconomics/
Statement of responsibility, etc Olivier Blanchard
250 ## - EDITION STATEMENT
Edition statement Eighth
260 ## - PUBLICATION, DISTRIBUTION, ETC. (IMPRINT)
Place of publication, distribution, etc Noida, Uttar Pradesh
Name of publisher, distributor, etc Pearson India Education Services Pvt. Ltd
Date of publication, distribution, etc 2026
270 ## - ADDRESS
Address 1st Floor, Berger Tower, Plot No. C-001A/2, Sector 16B,
City Noida, Uttar Pradesh
Postal code 201301
Electronic mail address companysecretary.india@pearson.com
300 ## - PHYSICAL DESCRIPTION
Extent 539p.
Dimensions 26cm(pb)
700 ## - ADDED ENTRY--PERSONAL NAME
9 (RLIN) 89117
942 ## - ADDED ENTRY ELEMENTS (KOHA)
Source of classification or shelving scheme Dewey Decimal Classification
Item type English Books
Classification part 339
Call number suffix BLA
Holdings
Withdrawn status Lost status Not for loan Collection code Home library Current library Date acquired Source of acquisition Cost, normal purchase price Full call number Barcode Copy number Cost, replacement price Koha item type
      Non-fiction Tri Nagar Tri Nagar 15/05/2026 DBAD 830.00 339 BLA EN-132021 1 830.00 English Books

© Delhi Public Library
Hit Counter
free hit counter